LEADER 01188nam a2200265 i 4500 001 000000145914 003 CaOOAMICUS 005 20051212000000.0 008 051212s2002 it u000 u ita u 013 $a121306 040 $aSeMil$bita 100 1 $aDelpini, Mario,$c.$0(OLS)http://semarc/name/90660 245 10$aDizionario della vita quotidiana /$cMario Delpini. 250 $a2. ed. 260 $a[S.l.] :$bSeminario Arcivescovile di Milano,$c2002. 300 $a51 p. ;$c21 cm. 490 0 $aQuaderni di S. Pietro Martire ;$v77 490 0 $aQuaderni di S. Pietro Martire. Serie Vita comune ;$vC3 500 $aIn testa al front : Comunità Propedeutica e del Biennio Teologico. 830 0$aQuaderni di S. Pietro Martire ;$v77.$0(OLS)http://semarc/title/19757 830 0$aQuaderni di S. Pietro Martire. Serie Vita comune ;$vC3.$0(OLS)http://semarc/title/19851 850 $aSeMil 852 $aSeMil$W1$xVenegono$y1$m5D XI 11/22$j98626$B98626$CSeMilBibl$Z2$F106858 $81 996 $6245$aDizionario della vita quotidiana$9(OLS)http://semarc/title/213332 996 $6260$a[S.l.] :$bSeminario Arcivescovile di Milano$9(OLS)http://semarc/publisher/44246 LEADER 00955nam a2200229 i 4500 001 000000186149 003 CaOOAMICUS 005 20100222000000.0 008 100222s1934 fr u000 u fre u 013 $a164195 040 $aSeMil$bita 100 1 $aCombes, Gustave.$0(OLS)http://semarc/name/37223 245 13$aLa charité d'après saint Augustin /$cGustave Combes ; préface de son exc. mgr Cézérac. 260 $aParis :$bDesclée de Brouwer et Cie,$c1934. 300 $aXIV, 321 p. ;$c21 cm. 490 0 $aBibliothèque augustinienne 700 1 $aCézérac.$0(OLS)http://semarc/name/68384 830 0$aBibliothèque augustinienne.$0(OLS)http://semarc/title/571 850 $aSeMil 852 $aSeMil$W1$xVenegono$y1$m2T I 189$j136836$B136836$CSeMilBibl$Z2$F148380 $81 996 $6245$aLa charité d'après saint Augustin$9(OLS)http://semarc/title/267538 996 $6260$aParis :$bDesclée de Brouwer et Cie$9(OLS)http://semarc/publisher/30216